Mega Click to Translate: Latin - Statistics

General Stats
  • This quiz has been taken 77 times
  • The average score is 31 of 50
Answer Stats
Hint Answer % Correct
thousand mille
95%
year annus
93%
water aqua
93%
fish piscis
93%
God Deus
90%
lion leo
90%
paper papyrus
90%
king rex
90%
voice vox
90%
medicine medicamentum
88%
snake serpens
88%
earth terra
88%
difficult difficilis
86%
scale scalae
83%
star stella
83%
crab cancer
81%
armor armis
79%
sea mare
79%
die mori
79%
new novus
76%
mountain mons
74%
hand manus
71%
sing cantare
67%
far longe
64%
rain pluvia
64%
left sinister
64%
ape simiae
62%
war bellum
60%
sky caelum
57%
nine novem
57%
soul anima
55%
rabbit lepus
55%
swim natare
50%
sword gladius
45%
rule imperare
43%
table mensa
43%
fight pugnare
43%
eat manducare
40%
arrow sagitta
40%
beach litore
38%
woman mulier
38%
darkness tenebrae
36%
snow nix
33%
army exercitus
31%
expensive sumptuosus
31%
speak loquor
29%
know scire
29%
wood lignum
26%
sand harenae
21%
wheat triticum
17%
No matching quizzes found
Score Distribution
Percent of People with Each Score
Percentile by Number Answered
Your Score History
You have not taken this quiz